[Event "Olympiad-44"]
[Site "Chennai"]
[Date "2022.08.06"]
[Round "8.3"]
[White "Hussain, Hashem"]
[Black "Thomas, Larry"]
[Result "1/2-1/2"]
[WhiteElo "1757"]
[BlackElo "1317"]
[PlyCount "90"]
[EventDate "2022.07.29"]
[EventType "team-swiss"]
[EventRounds "11"]
[EventCountry "IND"]
[SourceTitle "CBM 210"]
[Source "ChessBase"]
[SourceDate "2022.10.31"]
[SourceVersion "1"]
[SourceVersionDate "2022.10.31"]
[SourceQuality "1"]
[WhiteTeam "Kuwait"]
[BlackTeam "Dominica"]
[WhiteTeamCountry "KUW"]

1. e4 c6 2. d4 d5 3. Nc3 dxe4 4. Nxe4 Nf6 5. Nxf6+ exf6 6. c3 Bd6 7. Bd3 h5 8. Ne2 Bg4 9. h3 Be6 10. Nf4 Bxf4 11. Bxf4 Nd7 12. Qe2 g6 13. Bxg6 fxg6 14. Qxe6+ Qe7 15. Qxe7+ Kxe7 16. 0-0-0 Kf7 17. d5 cxd5 18. Rxd5 Nb6 19. Rd4 Rad8 20. Rhd1 Rxd4 21. Rxd4 Re8 22. Be3 Re7 23. Kc2 g5 24. b3 Nd7 25. Rc4 Ne5 26. Rc8 Nc6 27. Rh8 Kg6 28. h4 Rg7 29. hxg5 fxg5 30. a4 a6 31. b4 Ne7 32. Rd8 Nf5 33. Bc5 h4 34. Kd3 g4 35. Ke4 h3 36. gxh3 gxh3 37. Rd1 Rh7 38. Rh1 Rh4+ 39. Kf3 Rh7 40. Be3 Rc7 41. Bd2 Rd7 42. Be1 Rh7 43. Ke2 Kg5 44. f3 Kf4 45. Kf2 Rh8 1/2-1/2